000 00826nam a22002537a 4500
005 20170124105927.0
010 _a985403
020 _c00
035 _a985403
037 _bCen Lib/Ret
040 _aDPL
_bEN
082 _a327.54051
100 _aChaudhuri, Sailen
_97162
245 _aMaoist betrayal :
_cby Sailen Chaudhuri
_bindia: a case study /
260 _aNew Delhi
_bSterling Publishers
_c1980
270 _bNew Delhi
_aAB/9, safdarjang enclave
_e110016
300 _aviii, 135p.
_c20cm(Hb)
500 _aIncludes bibliographical references and index
650 _aForeign policy
_zIndia
_97163
650 _aMaoists
_97164
650 _a विदेश नीति
_zभारत
_97165
650 _a माओवादियों
_97166
942 _2ddc
_cEN
_h327.54051
_mCHA
999 _c123607
_d123607